Seafood fiesta/ (Record no. 152961)

MARC details
000 -LEADER
fixed length control field 00729nam a22001937a 4500
005 - DATE AND TIME OF LATEST TRANSACTION
control field 20180622122737.0
010 ## - LCCN (DPL NO)
LC control number B-230429
020 ## - INTERNATIONAL STANDARD BOOK NUMBER
International Standard Book Number 9788187111740
Terms of availability 295.00
035 ## - SYSTEM CONTROL NUMBER
System control number B-230429
037 ## - SOURCE OF ACQUISITION
Stock number dpl
Source of stock number/acquisition Vakils, Feffer and Simons Pvt.
082 ## - DEWEY DECIMAL CLASSIFICATION NUMBER
Classification number 641.5
100 ## - MAIN ENTRY--PERSONAL NAME
Personal name Dalal, Katy
245 ## - TITLE STATEMENT
Title Seafood fiesta/
Statement of responsibility, etc by Katy Dalal
260 ## - PUBLICATION, DISTRIBUTION, ETC. (IMPRINT)
Place of publication, distribution, etc Mumbai
Name of publisher, distributor, etc Vakils, Feffer and Simons Pvt.
Date of publication, distribution, etc 2005
270 ## - ADDRESS
Address Industry Manor, 2nd floor, appasaheb marathe Marg Prabhadevi
City Mumbai
Postal code 400025
300 ## - PHYSICAL DESCRIPTION
Extent 184p.
Dimensions 23.5cm.(Hb.)
942 ## - ADDED ENTRY ELEMENTS (KOHA)
Source of classification or shelving scheme Dewey Decimal Classification
Item type English Books
Classification part 641.5
Call number suffix -DAL
Holdings
Withdrawn status Lost status Not for loan Collection code Home library Current library Date acquired Full call number Barcode Koha item type
      Non-fiction Sarojini Nagar Sarojini Nagar 22/06/2018 641.5 -DAL B-230429 English Books

© Delhi Public Library
Hit Counter
free hit counter